| 000 | 00415nam a2200145Ia 4500 | ||
|---|---|---|---|
| 005 | 20250318082752.0 | ||
| 008 | 240331s9999 xx 000 0 und d | ||
| 082 |
_bMAH _a894 |
||
| 100 | _aKobalan,A.K | ||
| 245 | 0 | _aMaha kavi bharathiyar kavithaikal | |
| 260 |
_aChennai _ba.k. kopalan Publication _c1990 |
||
| 300 | _a393 p ., | ||
| 500 | _aBharathiyar Kavithaigal, vasana kavithaikal nirantha pathippu | ||
| 942 | _cL | ||
| 999 |
_c4023 _d4023 |
||